Loading...
Suicidology : a comprehensive biopsychosocial perspective
| Main Author: | |
|---|---|
| Format: | Printed Book |
| Published: |
New York
Guilford Press
2019
|
| LEADER | 00525nam a22001457a 4500 | ||
|---|---|---|---|
| 999 | |c 275479 |d 275479 | ||
| 020 | |a 9781462536986 | ||
| 082 | |a 362.28 |b MAR | ||
| 100 | |a Maris, Ronald W | ||
| 245 | |a Suicidology |b : a comprehensive biopsychosocial perspective |c Maris, Ronald W | ||
| 260 | |a New York |b Guilford Press |c 2019 | ||
| 300 | |a 554 | ||
| 504 | |a It contains Author Index and Subject Index | ||
| 942 | |c BK | ||
| 952 | |0 0 |1 0 |4 0 |6 362_280000000000000_MAR |7 0 |9 293133 |a PSY |b PSY |c REF |d 2020-03-02 |l 0 |o 362.28 MAR |p PSY8200 |r 2020-03-02 |w 2020-03-02 |y BK | ||